| 000 | 00915nam a2200193Ii 4500 | ||
|---|---|---|---|
| 003 | JO-AjNU | ||
| 008 | 230605s9999||||xx |||||||||||||| ||und|| | ||
| 040 |
_aJO-AjNU _bara _erda _cJO-AjNU |
||
| 041 | _aara | ||
| 050 | 1 | 4 | _aHF5438.25.A28.2005 |
| 100 | 3 |
_aابو بكر،مصطفى محمود, _eauthor _932579 |
|
| 245 | 0 | 0 | _aفن ومهارات التسويق والبيع في الشركات المتخصصة:الشركات المتخصصة،شركات الاستثمار العقاري والاسكان،شركات التأمين التجاري والتكافلي،المؤسسات الصحية والعلاجية |
| 264 | 3 | 1 | _aالاسكندرية:الدار الجامعية؛2005 |
| 300 |
_a343ص _bيحتوي على ببلوغرافية من ص333-343ص |
||
| 336 |
_atext _btxt _2rdacontent |
||
| 337 |
_aunmediated _bn _2rdamedia |
||
| 338 |
_avolume _bnc _2rdacarrier |
||
| 650 | 4 |
_aالتسويق _932580 |
|
| 999 |
_aA13170 _c16738 _d16738 |
||